000 00504nam a2200193 a 4500
001 1756814775905
003 ACL
005 20250902173949.0
008 250902s2000##################000#0#eng##
020 _a9780521648561
082 0 4 _a780.92
_bMW
100 1 _aMawer, Deborah,
_eauthor.
245 1 0 _aThe Cambridge Companion to Ravel :
260 _bCambridge University Press,
_c2000.
300 _a316 pages
650 0 _aBiography & Autobiography.
942 _cENGLISH
040 _aACL
_beng
_cACL
999 _c585075
_d585075